| 000 | 00842nam a22002177a 4500 | ||
|---|---|---|---|
| 003 | SISC | ||
| 005 | 20170711153716.0 | ||
| 008 | 170711b xxu||||| |||| 00| 0 eng d | ||
| 020 | _a9781462527779 | ||
| 050 |
_aRJ 505.C63 _b.C678 2017 |
||
| 100 | _aCohen, Judith A. | ||
| 245 |
_aTrauma-focused CBT for children and adolescents : _btreatment applications / _cedited by Judith A. Cohen, Anthony P. Mannarino, Esther Deblinger. |
||
| 260 |
_aNew York : _bThe Guilford Press, _c2012. |
||
| 300 |
_a308 pages ; _c23 cm. |
||
| 500 | _aIncludes bibliographical references and index. | ||
| 650 | _aCognitive therapy for children. | ||
| 650 | _aCognitive therapy for teenagers. | ||
| 650 | _aPost-traumatic stress disorder in children -- Treatment. | ||
| 650 | _aPost-traumatic stress disorder in adolescence -- Treatment. | ||
| 942 |
_2lcc _cBK |
||
| 999 |
_c340268 _d340268 |
||